| 000 | 00947nam a2200277 a 4500 | ||
|---|---|---|---|
| 001 | 86061 | ||
| 003 | BD-RjUL | ||
| 005 | 20260104144945.0 | ||
| 008 | 260104r19541933enk 000 0 eng | ||
| 035 | _a(BD-RjUL)86061 | ||
| 040 |
_aDLC _cCarP _dDLC _dBD-RjUL _beng |
||
| 041 | 1 |
_aeng _hlat |
|
| 082 |
_223 _a886 _bJES 1954 |
||
| 100 | 0 |
_aJerome, _d-419 or 420. _917548 |
|
| 245 | 1 | 0 |
_aSelect letters of St. Jerome / _cwith an English translation by F.A. Wright. |
| 260 |
_aLondon; _aNew York : _bW. Heinemann, ltd.; _bG. P. Putnam's sons, _c1933, [reprinted 1954] |
||
| 300 |
_axvi, 510 p.; _c17 cm. |
||
| 336 |
_atext _btxt _2rdacontent |
||
| 337 |
_aunmediated _bn _2rdamedia |
||
| 338 |
_avolume _bnc _2rdacarrier |
||
| 600 |
_aJerome, Saint, _d-419 or 420 |
||
| 650 | _aPersonal correspondence | ||
| 650 |
_aSelect letters of St. Jerome. _917550 |
||
| 700 | 1 |
_aWright, F. A. _q(Frederick Adam), _d1869-1946, _etr. _917551 |
|
| 942 |
_2ddc _cBK |
||
| 999 |
_c86061 _d86061 |
||